00472cam a2200181ua 4500001000500000005001700005008003900022020001500061040000900076041000800085082001400093100003400107245005300141250000900194260003300203300001000236653004400246881920260515114400.0150214n ii |||gr||||Z||||||asm a8173394563 cMAIN aasm a891.4513S aChoudhury, P. K. D.,eAuthor.1 aPanchashat pachishar premcBy P. K. D. Choudhury a1st. aDibrugarh:bBanalata,c2005. a156p. aEast Indo-European & Celtic literatures